| 000 | 00527nam a2200181Ia 4500 | ||
|---|---|---|---|
| 999 |
_c10121 _d10121 |
||
| 003 | OSt | ||
| 005 | 20191212161235.0 | ||
| 008 | 190216s9999||||xx |||||||||||||| ||und|| | ||
| 020 | _a97800710022202 | ||
| 040 | _coclc | ||
| 082 |
_a338.5 _bMAD/M |
||
| 100 |
_aMaddala, G S _9461 |
||
| 245 | 0 |
_aMicroeconomics Theory And Application / _cG S Maddala / Ellen Miller |
|
| 260 |
_bMcgraw -hill, _c1989. _aSingapore: |
||
| 300 | _a634p | ||
| 650 | _aEconomics | ||
| 942 |
_cBK _2ddc _h338.5 _iMAD/M _k338.5 _mMAD/M |
||